Tous les buteurs en finale de Ligue des Champions - Statistiques

Statistiques générales
  • Ce quiz a été pris 626 fois
  • Le résultat moyen est 37 sur 61
Statistiques - réponses
Année Match Score Nom du joueur % Correct
2016/2017 Juventus - Real Madrid* 0 - 1 Cristiano Ronaldo
97%
2016/2017 Juventus - Real Madrid* 1 - 3 Cristiano Ronaldo
97%
2013 - 2014 Real Madrid* - Atlético Madrid 4 - 1 Cristiano Ronaldo
97%
2007 - 2008 Man United* - Chelsea 1 - 0 Cristiano Ronaldo
97%
2017/2018 Real Madrid* - Liverpool 1 - 0 Karim Benzema
96%
2010 - 2011 Barcelone* - Man United 2 - 1 Lionel Messi
95%
2008 - 2009 Barcelone* - Man United 2 - 0 Lionel Messi
95%
2018/2019 Tottenham - Liverpool* 0 - 1 Mohamed Salah
94%
2019/2020 PSG - Bayern Munich* 0 - 1 Kingsley Coman
93%
2017/2018 Real Madrid* - Liverpool 2 - 1 Gareth Bale
90%
2017/2018 Real Madrid* - Liverpool 3 - 1 Gareth Bale
90%
2013 - 2014 Real Madrid* - Atlético Madrid 2 - 1 Gareth Bale
90%
2017/2018 Real Madrid - Liverpool* 1 - 1 Sadio Mane
90%
2021/2022 Liverpool - Real Madrid* 0 - 1 Vinicius
90%
2022/2023 Man City* - Inter 1 - 0 Rodri
89%
2014 - 2015 Juventus - Barcelone* 1 - 3 Neymar
86%
2015/2016 Real Madrid* - Atlético Madrid 1 - 0 Sergio Ramos
85%
2013 - 2014 Real Madrid* - Atlético Madrid 1 - 1 Sergio Ramos
85%
2014 - 2015 Juventus - Barcelone* 1 - 2 Luis Suarez
82%
2020/2021 Man City - Chelsea* 0 - 1 Kai Havertz
80%
2011 - 2012 Bayern Munich - Chelsea* 1 - 1 Didier Drogba
78%
2016/2017 Juventus* - Real Madrid 1 - 1 Mario Mandzukic
78%
2012 - 2013 Dortmund - Bayern Munich* 0 - 1 Mario Mandzukic
78%
2012 - 2013 Dortmund - Bayern Munich* 1 - 2 Arjen Robben
76%
2001 - 2002 Bayern Leverkusen - Real Madrid* 1 - 2 Zinédine Zidane
75%
2008 - 2009 Barcelone* - Man United 1 - 0 Samuel Eto'o
67%
2005 - 2006 Barcelone* - Arsenal 1 - 1 Samuel Eto'o
67%
2010 - 2011 Barcelone - Man United* 1 - 1 Wayne Rooney
66%
2016/2017 Juventus - Real Madrid* 1 - 2 Casemiro
65%
2013 - 2014 Real Madrid* - Atlético Madrid 3 - 1 Marcelo
65%
2004 - 2005 AC Milan - Liverpool* 3 - 1 Steven Gerrard
65%
2018/2019 Tottenham - Liverpool* 0 - 2 Divock Origi
61%
2011 - 2012 Bayern Munich* - Chelsea 1 - 0 Thomas Muller
60%
2010 - 2011 Barcelone* - Man United 3 - 1 David Villa
58%
2010 - 2011 Barcelone* - Man United 1 - 0 Pedro
57%
2009 - 2010 Bayern Munich - Inter* 0 - 1 Diego Milito
56%
2009 - 2010 Bayern Munich - Inter* 0 - 2 Diego Milito
56%
2014 - 2015 Juventus - Barcelone* 0 - 1 Ivan Rakitic
56%
2016/2017 Juventus - Real Madrid* 1 - 4 Marco Asensio
56%
2014 - 2015 Juventus* - Barcelone 1 - 1 Alvaro Morata
53%
2013 - 2014 Real Madrid - Atlético Madrid* 0 - 1 Diego Godin
53%
2006 - 2007 AC Milan* - Liverpool 1 - 0 Filippo Inzaghi
50%
2006 - 2007 AC Milan* - Liverpool 2 - 0 Filippo Inzaghi
50%
2004 - 2005 AC Milan* - Liverpool 1 - 0 Paolo Maldini
47%
2007 - 2008 Man United - Chelsea* 1 - 1 Frank Lampard
44%
2004 - 2005 AC Milan - Liverpool* 3 - 3 Xabi Alonso
44%
2004 - 2005 AC Milan* - Liverpool 2 - 0 Crespo
40%
2004 - 2005 AC Milan* - Liverpool 3 - 0 Crespo
40%
2003 - 2004 FC Porto* - Monaco 2 - 0 Deco
40%
2015/2016 Real Madrid - Atlético Madrid* 1 - 1 Yannick Carrasco
40%
2012 - 2013 Dortmund* - Bayern Munich 1 - 1 Ilkay Gundogan
38%
2001 - 2002 Bayern Leverkusen - Real Madrid* 0 - 1 Raul
37%
2005 - 2006 Barcelone - Arsenal* 0 - 1 Sol Campbell
27%
2006 - 2007 AC Milan - Liverpool* 2 - 1 Dirk Kuyt
20%
2004 - 2005 AC Milan - Liverpool* 3 - 2 Vladimir Smicer
18%
2005 - 2006 Barcelone* - Arsenal 2 - 1 Juliano Belletti
16%
2001 - 2002 Bayern Leverkusen* - Real Madrid 1 - 1 Lucio
12%
2000 - 2001 Bayern Munich - Valence* 0 - 1 Gaizka Mendieta
9%
2003 - 2004 FC Porto* - Monaco 1 - 0 Carlos Alberto
7%
2000 - 2001 Bayern Munich* - Valence 1 - 1 Stefan Effenberg
7%
2003 - 2004 FC Porto* - Monaco 3 - 0 Alenicev
1%
Aucun quiz correspondant
Distribution des résultats
% des personnes avec chaque résultat
Percentile par nombre de réponses
Votre historique - résultats
Vous n’avez pas pris ce quiz